00962nam a22002417a 450000500170000000800410001702000180005805000170007610000420009324501280013525000190026326000330028230000340031550000390034950000780038865000340046665000300050065000220053070000400055294200120059295200990060499900170070320231102151834.0150625t 2006M |||e |||| 00| 0 spa d a970-07-6392-714aKGF3061 O5431 aOLEA Y CONTRO, Jean Paul Huber, autor03aEl proceso electoralb: derecho del proceso electoralc/ Jean Paul Huber Olea y Contró; pról. Eduardo Andrade Sánchez a1a. edición.3 aMéxicob: Porrúac, 2006 axvi, 475 páginas.c; 23 cm. aIncluye: índice, bibliografía. aEducación Mixta Lic. en Dererecho / Derecho Electoral / P17 / 09 00338514aELECCIONES IMPUGNADASzMEXICO24aDERECHO ELECTORALzMEXICO34aCOLEGIO ELECTORAL1 aANDRADE SANCHEZ, Eduardoeprólogo cLB2lcc 00102lcc4070a09b09d2015-06-25l0oKGF3061 O543p09 003385r2015-06-25t1w2015-06-25yLB c97067d97067